000
00308nam a22001337a 4500
008
170710b xxu||||| |||| 00| 0 eng d
020
_a
0878579990
041
_a
eng
080
_a
030
100
_a
23
101
_a
ENC
245
_a
ALL- NEW ENCYCLOPEDIA OF ORGANIC GARDENING
_c
BRADLEY,M
942
_2
udc
_c
BK
999
_c
20119
_d
20119